Matemàticas 2/ (Registro nro. 9645)

Detalles MARC
000 -LEADER
fixed length control field 00821nam a2200205Ia 4500
005 - FECHA Y HORA DE LA ÚLTIMA TRANSACCIÓN
control field 20231005165533.0
008 - FIXED-LENGTH DATA ELEMENTS--GENERAL INFORMATION
fixed length control field 231003s9999 xx 000 0 und d
020 ## - INTERNATIONAL STANDARD BOOK NUMBER
International Standard Book Number 9786071513137
040 ## - CATALOGING SOURCE
Original cataloging agency UPAN
Transcribing agency Biblioteca San Vicente
Description conventions RCAA18
041 ## - LANGUAGE CODE
Language code of text/sound track or separate title spa
082 ## - DEWEY DECIMAL CLASSIFICATION NUMBER
Classification number 519
Item number C965m
año de publicación 2019
100 ## - MAIN ENTRY--PERSONAL NAME
Personal name Cuellar Carvajal, Juan Antonio
Relator code aut.
245 #0 - TITLE STATEMENT
Title Matemàticas 2/
Remainder of title Juan Antonio Cuellar Carvajal
250 ## - EDITION STATEMENT
Edition statement 5ª ed.
260 ## - PUBLICATION, DISTRIBUTION, ETC. (IMPRINT)
Place of publication, distribution, etc Mèxico:
Name of publisher, distributor, etc McGraw Hill,
Date of publication, distribution, etc 2019
300 ## - PHYSICAL DESCRIPTION
Extent 175 p.;
Dimensions 28 cm.
505 ## - FORMATTED CONTENTS NOTE
Formatted contents note 1. Elementos básicos de la geometría plana, ángulos y triángulos <br/>2. Polígonos<br/>3. La circunferencia y el circulo <br/>4. Razones trigonométricas de ángulos agudos <br/>5. Razones trigonométricas en el plano cartesiano<br/>6. Leyes de los senos y cosenos
650 ## - SUBJECT ADDED ENTRY--TOPICAL TERM
Source of heading or term LEMB
General subdivision Matemática
942 ## - ADDED ENTRY ELEMENTS (KOHA)
Koha item type Libros
Source of classification or shelving scheme Dewey Decimal Classification
Existencias
Withdrawn status Lost status Source of classification or shelving scheme Damaged status Not for loan Collection code Home library Current library Date acquired Total Checkouts Full call number Barcode Date last seen Copy number Price effective from Koha item type
    Dewey Decimal Classification     Colección General Biblioteca UPAN San Vicente Biblioteca UPAN San Vicente 03/10/2023   519 C965m 12004322 03/10/2023 01 03/10/2023 Libros
    Dewey Decimal Classification     Colección General Biblioteca UPAN San Vicente Biblioteca UPAN San Vicente 03/10/2023   519 C965m 12004320 05/10/2023 02 03/10/2023 Libros
    Dewey Decimal Classification     Colección General Biblioteca UPAN San Vicente Biblioteca UPAN San Vicente 03/10/2023   519 C965m 12004321 05/10/2023 03 03/10/2023 Libros